| 000 | 01787nam a2200421 i 4500 | ||
|---|---|---|---|
| 001 | 49641 | ||
| 003 | KOSZ 005 | ||
| 005 | 20220422093005.0 | ||
| 008 | 100825s2007 pl |001 0 eng | ||
| 020 | _a9788392173861 | ||
| 040 |
_cKOSZ 005 _aKOSZ 005 _dKOSZ 005/HR |
||
| 041 | 0 | _aeng | |
| 046 | _k2007 | ||
| 080 | _a37.016:62 | ||
| 080 | _a001.895 | ||
| 245 | 0 | 0 |
_aEducation for innovation / _c[ed. Włodzimierz Miszalski]. |
| 260 |
_aWarszawa : _bAWP Amalker, _c2007. |
||
| 300 |
_a163, [1] s. : _bil. kolor. ; _c24 cm. |
||
| 380 | _aKsiążki | ||
| 380 | _aPublikacje naukowe | ||
| 388 | _a2001- | ||
| 490 | 1 |
_aIdeas / World Federation of Engineering Organizations. Committee on Education and Training ; _vNo 14 (2007) |
|
| 500 | _aPublikacja zawiera zbiór referatów wygłoszonych na: International Conference "Supporting Small- and Medium-Sized Enterprises in Engineering and Technological Innovation Activity" held 17-18 May, 2007 in Cracow. | ||
| 500 | _aNa okł. i s. tyt. tyt. czasopisma: Ideas : for better education & training for engineers. | ||
| 504 | _aBibliogr. przy artykułach. | ||
| 650 | 7 | _aNauczanie techniki | |
| 650 | 7 | _aInnowacje | |
| 650 | 7 | _aSzkolnictwo wyższe | |
| 655 | 7 | _aMateriały konferencyjne | |
| 655 | 7 | _aPraca zbiorowa | |
| 658 | _aEdukacja i pedagogika | ||
| 658 | _aInżynieria i technika | ||
| 700 | 1 |
_aMiszalski, Włodzimierz _d(1945- ) _eRedakcja |
|
| 710 | 2 | _aAgencja Wydawniczo-Poligraficzna Amalker | |
| 830 | 0 |
_aIdeas - World Federation of Engineering Organizations. Committee on Education and Training _vNo 14 (2007) |
|
| 856 |
_uhttp://koha.tu.koszalin.pl/cgi-bin/koha/opac-detail.pl?biblionumber=49641 _yKatalog online BPK |
||
| 942 |
_cKS _2UKD |
||
| 999 |
_c49641 _d49641 |
||